000 00432nam a2200181Ia 4500
001 13038
005 20260306163024.0
008 260306t1993||||xx |||||||||||||| ||spa||
041 _aESP
082 _aRD 658.03
_bC24
100 _aCámara de Comercio e Industria de Arequipa
_eAUT
245 0 _aDiccionario ejecutivo
260 _c1993
300 _a
_c20 cm.
650 _aGEN
654 _aCAN
942 _cDIC
_dJUS
_fJUS
_2ddc
_n
999 _c13038
_d13038